Central Library OPAC University of Rajshahi

Towards international co-operation (Record no. 45483)

MARC details
000 -LEADER
fixed length control field 00865nam a2200277 a 4500
001 - CONTROL NUMBER
control field 45483
003 - CONTROL NUMBER IDENTIFIER
rucl marc code BD-RjUL
005 - DATE AND TIME OF LATEST TRANSACTION
control field 20211209054024.0
008 - FIXED-LENGTH DATA ELEMENTS--GENERAL INFORMATION
fixed length control field 160726s1966 enk 001 0 eng u
035 ## - SYSTEM CONTROL NUMBER
System control number (BD-RjUL)45601
040 ## - CATALOGING SOURCE
Original cataloging agency WSU
Modifying agency UKM
-- EQO
-- BD-RjUL
Language of cataloging eng
Transcribing agency BD-RjUL
041 ## - LANGUAGE CODE
Language code of text/sound track or separate title eng
082 ## - DEWEY DECIMAL CLASSIFICATION NUMBER
Classification number 338.91
Edition number 23
Author mark and year LET 1966
100 1# - MAIN ENTRY--PERSONAL NAME
Personal name Lewis, Sulwyn.
9 (RLIN) 139244
245 10 - TITLE STATEMENT
Title Towards international co-operation
250 ## - EDITION STATEMENT
Edition statement 1st ed.
260 ## - PUBLICATION, DISTRIBUTION, ETC. (IMPRINT)
Place of publication, distribution, etc. Oxford ;
-- New York :
Name of publisher, distributor, etc. Pergamon Press,
Date of publication, distribution, etc. 1966
300 ## - PHYSICAL DESCRIPTION
Pagination vii, 327 p. :
Illustrations ill. ;
Size 18 cm.
490 1# - SERIES STATEMENT
Series statement Commonwealth and international library. Liberal studies division
500 ## - GENERAL NOTE
General note Include index
504 ## - BIBLIOGRAPHY, ETC. NOTE
Bibliography, etc Includes bibliographies
650 #0 - SUBJECT ADDED ENTRY--TOPICAL TERM
Topical term or geographic name as entry element International cooperation
9 (RLIN) 139245
Topical term or geographic name as entry element World politics
9 (RLIN) 139246
830 #0 - SERIES ADDED ENTRY--UNIFORM TITLE
Uniform title Commonwealth and international library.
942 ## - ADDED ENTRY ELEMENTS (KOHA)
Source of classification or shelving scheme Dewey Decimal Classification
Koha item type Books
Holdings
Lost status Source of classification or shelving scheme Damaged status Not for loan Collection code Permanent Location Current Location Shelving location Date acquired Source of acquisition Cost, normal purchase price Total Checkouts Full call number Date last seen Copy number Koha item type
  Dewey Decimal Classification     Non-fiction Central Library, University of Rajshahi Central Library, University of Rajshahi   24/05/1967 Pakistan Book Centre 18.75   338.91 LET 1966 26/07/2016 C-2 Books
  Dewey Decimal Classification     Non-fiction Central Library, University of Rajshahi Central Library, University of Rajshahi   24/05/1967 Pakistan Book Centre 18.75   338.91 LET 1966 11/08/2016 C-3 Books